| 000 | 01042nam a2200301Ia 4500 | ||
|---|---|---|---|
| 001 | Para_5888 | ||
| 003 | CHAP | ||
| 008 | 220125s1979 xx 000 0 und d | ||
| 010 | _a204361 | ||
| 040 | _cCHAP | ||
| 090 | _aPA TESIS 198 | ||
| 100 |
_aMendoza Zamora, Cecilio _974770 |
||
| 245 |
_aEvaluación de fungicidas, número e intervalos de aplicaciones para el control de la roya del haba Uromyces fabae (Pers.) D By bajo condicones de campo / _c por Cecilio Mendoza Zamora |
||
| 260 |
_aChapingo, Méx. : _b el autor |
||
| 300 | _a113 h. | ||
| 502 | _aTesis (Ing. Agr. Esp. en Parasitología Agrícola) -- UACh. Departamento Parasitología Agrícola | ||
| 650 |
_aFungicidas _944044 |
||
| 650 |
_aHaba _x enfermedades _952101 |
||
| 650 |
_aRoya del haba _9100387 |
||
| 710 |
_aUACh. Departamento Parasitología Agrícola _9164025 |
||
| 901 | _aPA TESIS 198 | ||
| 902 | _aM | ||
| 905 | _a0000001979 abi 0000000000 00 | ||
| 910 | _a1979 | ||
| 942 | _cPARA | ||
| 942 |
_cPARA _d2 |
||
| 999 |
_c204361 _d204361 |
||